000 00965nam a2200313 a 4500
003 AR-BaBNM
005 20251128210608.0
008 082120s2002 ||||||||||||||000 | spa||
020 _a0-8077-3820-4
040 _cAR-BaBNM
100 1 _aMcClellan, B. Edward
245 0 0 _aMoral education in America
_bschools and shaping of character from colonial times to the present
260 _aNew York
_bTeachers College Press
_c1999
300 _axii, 130 p.
490 0 _aReflective history series
500 _aContiene referencias bibliográficas
500 _aContiene índice alfabético
650 4 _aEDUCACION MORAL
650 4 _aHISTORIA DE LA EDUCACION
650 4 _aREFORMA DE LA EDUCACION
650 4 _aEDUCACION BASICA
651 4 _aEstados Unidos
653 _aEDUCACION SECUNDARIA
653 _aEDUCACION EN VALORES
800 1 _aFinkelstein, Barbara
_eeditor
800 1 _aReese, William J.
_eeditor
942 _cBK
998 _cRAQUEL
999 _c16097
_d16097